Story of my life (Record no. 240748)

MARC details
000 -LEADER
fixed length control field 00747nam a22002057a 4500
005 - DATE AND TIME OF LATEST TRANSACTION
control field 20260117100704.0
008 - FIXED-LENGTH DATA ELEMENTS--GENERAL INFORMATION
fixed length control field 260114b |||||||| |||| 00| 0 eng d
020 ## - INTERNATIONAL STANDARD BOOK NUMBER
International Standard Book Number 9781399726948
040 ## - CATALOGING SOURCE
Transcribing agency AL
041 ## - LANGUAGE CODE
Language code of text/sound track or separate title English
082 ## - DEWEY DECIMAL CLASSIFICATION NUMBER
Classification number 813.6
Item number SCOS
100 ## - MAIN ENTRY--PERSONAL NAME
Personal name Lucy Score
100 ## - MAIN ENTRY--PERSONAL NAME
9 (RLIN) 251574
245 ## - TITLE STATEMENT
Title Story of my life
260 ## - PUBLICATION, DISTRIBUTION, ETC.
Place of publication, distribution, etc. UK
Name of publisher, distributor, etc. Hodder and Stoughton
Date of publication, distribution, etc. 2025
300 ## - PHYSICAL DESCRIPTION
Extent 534 p.
Other physical details PB
Dimensions 20x13cm.
365 ## - TRADE PRICE
Price amount ₹559.00
Currency code
Unit of pricing ₹699.00
Price note 20%
Price effective from 10-01-2025
520 ## - SUMMARY, ETC.
Summary, etc. big-city romcom author who no longer believes in real-life happily ever afters seeks inspiration by buying a house-and a spot on the town council-in a small lake town that needs its own happily ever after.
650 ## - SUBJECT ADDED ENTRY--TOPICAL TERM
Topical term or geographic name entry element American English Fiction
9 (RLIN) 251347
942 ## - ADDED ENTRY ELEMENTS (KOHA)
Source of classification or shelving scheme Dewey Decimal Classification
Koha item type Book
Holdings
Withdrawn status Lost status Source of classification or shelving scheme Damaged status Not for loan Collection code Home library Current library Shelving location Date acquired Source of acquisition Cost, normal purchase price Total Checkouts Total Renewals Full call number Barcode Date due Date last seen Date last checked out Cost, replacement price Price effective from Koha item type
    Dewey Decimal Classification     Sociology St Aloysius Library St Aloysius Library Stack Section 01/13/2026 Biblios Book Point, Surathkal-575014 559.00 2 1 813.6 SCOS 078028 07/09/2026 06/19/2026 06/19/2026 699.00 01/10/2026 Book